| 000 | 00704nam a2200253 u 4500 | ||
|---|---|---|---|
| 999 |
_c61973 _d61973 |
||
| 001 | 61973 | ||
| 003 | Mx-PuUPA | ||
| 005 | 20240206132914.0 | ||
| 008 | 150122s2012 mx r 000 0 spa d | ||
| 020 | _a970-9087-04-5 | ||
| 040 | _cMx-PuUPA | ||
| 041 | _aspa | ||
| 082 | 0 |
_a320.5 _bMAC |
|
| 100 | 1 |
_aMachiavelli, Niccolò, _d1469-1527 _eautor _92881 |
|
| 245 | 1 | 3 |
_aEl príncipe / _cNicolás Bernardo de Maquiavelo. |
| 250 | _aPrimera edición. | ||
| 264 | 1 |
_aMéxico : _bGrupo Editor Éxodo, _c2012 |
|
| 300 |
_a112 páginas ; _c21 cm. |
||
| 336 |
_atexto _2rdacontent |
||
| 337 |
_asin mediación _2rdamedia |
||
| 338 |
_avolumen _2rdacarrier |
||
| 650 | 4 | _aCiencias políticas | |
| 942 |
_2ddc _cLI |
||